A sweet surprise /

Salvato in:
Dettagli Bibliografici
Autore principale: Stamper, Judith Bauer.
Natura: Sconosciuto
Lingua:English
Pubblicazione: New York : Oxford University Press, c2005.
Serie:Kids' readers
Soggetti:
Tags: Aggiungi Tag
Nessun Tag, puoi essere il primo ad aggiungerne! !
Thư viện lưu trữ: Mạng thư viện Đại học Đà Nẵng
LEADER 01107ca a2200301 4500
001 000030649
003 4287
005 20250930150424.0
008 151001s2005 000 eng
020 |a 0194309339 
040 |a lnn  |c lnn  |d lnn 
082 0 0 |a 428.6  |b ST-J 
100 1 |a Stamper, Judith Bauer. 
245 1 2 |a A sweet surprise /  |c by Judith Bauer Stamper ; illustrated by Sally Springer. 
260 |a New York :  |b Oxford University Press,  |c c2005. 
300 |a 14 p. :  |b col. ill. ;  |c 25 cm. 
440 0 |a Kids' readers 
500 |a "High-beginning level"--Cover. 
650 0 |a English language  |v Textbooks for foreign speakers  |v Juvenile literature. 
650 0 |a Readers (Primary) 
OWN |a LNN 
AVA |a UDN50  |b LNN  |c English  |d 428.6ST-J  |e available  |t Error 5001 Not defined in file expand_doc_bib_avail.  |f 1  |g 0  |h N  |i 0  |j AN  |k 1 
999 |a From the UDN01 
AVA |a UDN50  |b LNN  |c English  |d 428.6ST-J  |e available  |t Error 5001 Not defined in file expand_doc_bib_avail.  |f 1  |g 0  |h N  |i 0  |j AN  |k 1 
980 |a Mạng thư viện Đại học Đà Nẵng